| 000 | 01729nam a2200229Ia 4500 | ||
|---|---|---|---|
| 999 |
_c39805 _d39805 |
||
| 003 | OSt | ||
| 005 | 20210630101051.0 | ||
| 008 | 160316s2013 xxu||||| |||| 00| 0 eng d | ||
| 020 | _a9789350712382 | ||
| 040 | _cn | ||
| 082 |
_a343.040000 _bDAT |
||
| 100 | _aDatey V S | ||
| 245 | _aIndirect taxes : Law and practice | ||
| 250 | _a30th | ||
| 260 |
_aNew Delhi _bTaxmann Allied Services (P) Ltd. _c2013 |
||
| 300 | _a878p | ||
| 365 | _b Rs. 575 | ||
| 505 | _aSummary: Indirect Taxes: Law and Practice is divided into chapters like Basic Aspects of Indirect Taxes, Service Tax, Exemptions and Abatements and Compositions in Service Tax. These sub-topics have titles like Area Coverage, Place and General residuary rule to determine place of provision of service. Each topic is first explained in general, before moving onto the technical and business aspects of taxes. These divisions abet us to comprehend and master each topic. There are self-help questions for students at the end of each topic, to help them revise what they have learnt. It is a self-contained module that is beneficial to the students. Indirect Taxes Law and Practice by Datey is a comprehensive tool for students who wish to ace the CA (Final) examinations, CA (Intermediate), CS (executive/professional) and CMA (Inter/Final) exams. There are innumerous case studies that help in knowing which taxes rules apply in which situation. Important tax cases have been talked about in this book. The 32nd edition of Indirect Taxes: Law and Practice is written by V S Datey, published by Taxman Publications Pvt. Ltd in 2013. It is available in paperback | ||
| 650 | _a1. Tax Law - Indirect - Law and Practice | ||
| 700 |
_a _a |
||
| 942 |
_2ddc _cBK |
||